Statistics for Arsenal FC Squad 2019-20

Click here to take the quiz!

General Stats

  • This quiz has been taken 48 times
    (40 since last reset)
  • The average score is 21 of 29

Answer Stats

PositionNationalityAnswer% Correct
GKGermanBernd Leno
100%
CBGermanShkodran Mustafi
97%
LBScottishKieran Tierney
94%
CBBrazilianDavid Luiz
91%
FWGabonesePierre-Emerick Aubameyang
91%
FWFrenchAlexandre Lacazette
89%
CMSwissGranit Xhaka
89%
CMUruguayanLucas Torreira
89%
ManagerSpanishMikel Arteta
89%
LBBosnianSead Kolašinac
89%
GKArgentineEmiliano Martínez
86%
RBSpanishHéctor Bellerín
86%
CMGermanMesut Özil
86%
WIvorianNicolas Pépé
86%
CBEnglishRob Holding
83%
CMSpanishDani Ceballos
71%
RBPortugueseCédric Soares
69%
FWBrazilianGabriel Martinelli
69%
CBEnglishCallum Chambers
63%
FWEnglishEddie Nketiah
63%
CBSpanishPablo Marí
63%
CMEnglishEmile Smith Rowe
57%
CMEnglishJoe Willock
57%
WEnglishAinsley Maitland-Niles
54%
FWEnglishReiss Nelson
54%
CMFrenchMateo Guendouzi
51%
CBGreekSokratis Papastathopoulos
49%
WEnglishBukayo Saka
40%
GKEnglishMatt Macey
40%

Score Distribution

Percentile by Number Answered

Percent of People with Each Score

Your Score History

You have not taken this quiz since the last reset